| 000 | 00940nam0a22002771 4500 | ||
|---|---|---|---|
| 001 | rc\3041030 | ||
| 005 | 20250806202821.0 | ||
| 035 | _a(NLR Aleph) 007217097 | ||
| 090 |
_a61749 _c61749 |
||
| 100 | _a20111005d1941 u y0rusy50 ca | ||
| 101 | 0 | _arus | |
| 102 | _aRU | ||
| 105 | _aah z ||||| | ||
| 200 | 1 | _aМаяковский - сатирик | |
| 210 |
_aЛенинград _cГослитиздат _d1941 |
||
| 215 |
_a224 с., 5 вкл. л. ил. и факс. _cил., факс. _d19 см |
||
| 600 | 1 |
_aМаяковский _bВ.В. _f1893-1930 _gВладимир Владимирович |
|
| 700 | 1 |
_aЭвентов _bИ.С. _f1910-1989 _gИсаак Станиславович |
|
| 801 | 0 |
_aRU _bNLR _gpsbo |
|
| 801 | 1 |
_aRU _bELAR _2rusmarc |
|
| 852 |
_aNLR _bЛ _j20 Г-3/20 |
||
| 852 |
_aNLR _bМф _jК1/4570 |
||
| 942 | _cBOOK | ||
| 945 | _aРоссийская национальная библиотека | ||
| 980 | _aNB | ||
| 980 | _aBV | ||